|
|
|
|
| LEADER |
03653nam a22004815i 4500 |
| 001 |
978-94-007-2138-8 |
| 003 |
DE-He213 |
| 005 |
20151204161506.0 |
| 007 |
cr nn 008mamaa |
| 008 |
111003s2012 ne | s |||| 0|eng d |
| 020 |
|
|
|a 9789400721388
|9 978-94-007-2138-8
|
| 024 |
7 |
|
|a 10.1007/978-94-007-2138-8
|2 doi
|
| 040 |
|
|
|d GrThAP
|
| 050 |
|
4 |
|a R-RZ
|
| 072 |
|
7 |
|a MBGR
|2 bicssc
|
| 072 |
|
7 |
|a MED000000
|2 bisacsh
|
| 082 |
0 |
4 |
|a 610
|2 23
|
| 245 |
1 |
0 |
|a Rethinking Social Epidemiology
|h [electronic resource] :
|b Towards a Science of Change /
|c edited by Patricia O’Campo, James R. Dunn.
|
| 264 |
|
1 |
|a Dordrecht :
|b Springer Netherlands,
|c 2012.
|
| 300 |
|
|
|a X, 350 p.
|b online resource.
|
| 336 |
|
|
|a text
|b txt
|2 rdacontent
|
| 337 |
|
|
|a computer
|b c
|2 rdamedia
|
| 338 |
|
|
|a online resource
|b cr
|2 rdacarrier
|
| 347 |
|
|
|a text file
|b PDF
|2 rda
|
| 505 |
0 |
|
|a Foreword.-1. Introduction. Section I: Foundations.-2 “Explanation,” Philosophy and Theory in Health Inequalities Research: Towards a Critical Realist Approach.-3 Values and Social Epidemiologic Research.-4 Population-based Data and Community Empowerment.-5 Differences That Matter. Section II: Context -- 6 Place-based Stress and Chronic Disease: A Systems View of Environmental Determinants.-7 How Goes The Neighbourhood? Rethinking Neighbourhoods and Health Research in Social Epidemiology.-8 Application of Two Schools of Social Theory to Neighbourhood, Place and Health Research.-9 Locating Politics in Social Epidemiology. Section III: Research Tools in Action.-10 Structural Violence and Structural Vulnerability within the Risk Environment: Theoretical and Methodological Perspectives for a Social Epidemiology of HIV Risk among Injection Drug Users and Sex Workers.-11 Realist Review Methods for Complex Health Problems -- 12 Addressing Health Equities in Social Epidemiology: Learning from Evaluation(s).Section IV: Making a Difference.-13 Knowledge Translation and Social Epidemiology: Taking Power, Politics and Values Seriously.-14 Community-Academic Partnerships and Social Change.-15 Producing More Relevant Evidence: Applying a Social Epidemiology Research Agenda to Public Health Practice.-16 Conclusions. Index.
|
| 520 |
|
|
|a To date, much of the empirical work in social epidemiology has demonstrated the existence of health inequalities along a number of axes of social differentiation. However, this research, in isolation, will not inform effective solutions to health inequalities. Rethinking Social Epidemiology provides an expanded vision of social epidemiology as a science of change, one that seeks to better address key questions related to both the causes of social inequalities in health (problem-focused research) as well as the implementation of interventions to alleviate conditions of marginalization and poverty (solution-focused research). This book is ideally suited for emerging and practicing social epidemiologists as well as graduate students and health professionals in related disciplines.
|
| 650 |
|
0 |
|a Medicine.
|
| 650 |
|
0 |
|a Public health.
|
| 650 |
|
0 |
|a Epidemiology.
|
| 650 |
|
0 |
|a Social sciences.
|
| 650 |
1 |
4 |
|a Biomedicine.
|
| 650 |
2 |
4 |
|a Biomedicine general.
|
| 650 |
2 |
4 |
|a Epidemiology.
|
| 650 |
2 |
4 |
|a Public Health.
|
| 650 |
2 |
4 |
|a Social Sciences, general.
|
| 700 |
1 |
|
|a O’Campo, Patricia.
|e editor.
|
| 700 |
1 |
|
|a Dunn, James R.
|e editor.
|
| 710 |
2 |
|
|a SpringerLink (Online service)
|
| 773 |
0 |
|
|t Springer eBooks
|
| 776 |
0 |
8 |
|i Printed edition:
|z 9789400721371
|
| 856 |
4 |
0 |
|u http://dx.doi.org/10.1007/978-94-007-2138-8
|z Full Text via HEAL-Link
|
| 912 |
|
|
|a ZDB-2-SBL
|
| 950 |
|
|
|a Biomedical and Life Sciences (Springer-11642)
|